| 000 | 00977cad a22002655a 4500 | ||
|---|---|---|---|
| 001 | E151894 | ||
| 008 | 101216s2010 xxk f 100 0 eng d | ||
| 020 | _a9781842196199 | ||
| 035 | _a(Sirsi) u151894 | ||
| 041 | 0 | _aeng | |
| 100 | 1 | _aFarrow, C. Ben | |
| 111 | 2 |
_aConstruction and Building Research Conference _cDauphine Universite, Paris _d2-3 September 2010 |
|
| 245 | 0 | 0 |
_aPreliminary evaluation of bagged duct covers during construction _h[electronic resource] |
| 260 |
_aLondon _bRICS _c2010 |
||
| 520 | _aA paper presented at the COBRA Conference in Paris on 2-3 September 2010. | ||
| 590 | _aKA | ||
| 650 | 2 | 4 | _aCONSTRUCTION AND BUILDING RESEARCH CONFERENCE (COBRA) |
| 651 | 4 |
_aUnited States _y1959- |
|
| 690 |
_aBlock management _96220 |
||
| 700 | _aSmith, Bruce | ||
| 700 | 1 | _aWetzel, Eric | |
| 700 | 1 | _aMeek, David | |
| 856 | 4 | 0 |
_uhttps://www.rics.org/site/scripts/download_info.aspx?fileID=7766&categoryID=720 _zBroken link - not available |
| 942 | _n0 | ||
| 999 |
_c111713 _d111713 |
||